Generációs különbségek az egészségügyi dolgozók körében a munkahelyi stressz és megküzdés tükrében

Bibliographic Details
Main Author: Kasza Nikoletta
Other Authors: Thuma Dr. Orsolya Klára
Format: Final Paper
Kulcsszavak:generációs különbségek
kiégés
megküzdés
munkahelyi stressz
Prevenció
Online Access:http://dolgozattar.uni-bge.hu/59851

MARC

LEADER 00000nta a2200000 i 4500
001 dolg59851
005 20260409145642.0
008 260409suuuu hu o 000 hun d
040 |a BGE Dolgozattár Repozitórium  |b hun 
041 |a hu 
100 1 |a Kasza Nikoletta 
245 1 0 |a Generációs különbségek az egészségügyi dolgozók körében a munkahelyi stressz és megküzdés tükrében  |c Kasza Nikoletta  |h [elektronikus dokumentum] 
516 |a Final_paper 
520 3 |a Generációs különbségek az egészségügyi dolgozók körében a munkahelyi stressz és megküzdés tükrébenAz egészségügy területén kiváltképp jellemző a magas munkahelyi stressz, amit a munkába történő érzelmi bevonódás, az alacsony társadalmi megbecsülés és a nem megfelelő munkahelyi környezet tovább fokoz.A kiégés megelőzésének kiváló eszköze a munkavállalók megküzdési stratégiáinak fejlesztése, ellenállóképességük fokozása a kiégéssel szemben. Mindent tovább árnyalja a generációk közötti különbségek, eltérő munkahelyi igények és elvárások.A kutatás célja felmérni a megküzdési módok közötti eltéréseket és hasonlóságokat a különböző generációs csoportokban, mely segítség lehet a generációmenedzsment számára az életkortudatos HR politika szemléletének kialakításában. Ez hosszútávon a dolgozók mentális egészségének fenntartása által növelheti a munkahelyi elkötelezettséget és elégedettségeit is, így csökkentve a fluktuációt és kialakítva egy biztos, rezilliens munkavállalói réteget. 
695 |a generációs különbségek 
695 |a kiégés 
695 |a megküzdés 
695 |a munkahelyi stressz 
695 |a Prevenció 
700 1 |a Thuma Dr. Orsolya Klára  |e ths 
856 4 0 |u http://dolgozattar.uni-bge.hu/59851/1/SZAKDOLGOZAT-%20Kasza%20Nikoletta-2025-pdf.pdf  |z Dokumentum-elérés 
856 4 0 |u http://dolgozattar.uni-bge.hu/59851/2/Kasza%20Nikoletta%20B%C3%ADr%C3%A1lat%20MH.pdf  |z Dokumentum-elérés 
856 4 0 |u http://dolgozattar.uni-bge.hu/59851/3/Kasza_Nikoletta_Mental_kepzes_VJ.pdf  |z Dokumentum-elérés